01673cam a22003735a 45000010009000000050017000090080041000260200018000670200015000850400061001000820021001611000025001822450095002072600039003023000040003414900023003815000024004045200278004285210042007066300030007486300055007786300022008336500051008556500049009066500030009556500050009856510010010356530029010456550024010747000022010989420021011209990017011419520141011581602174920150614141915.0091214t2010 cauo fr 001 0 eng d a9780321660336 a0321660331 aBTCTAbengcBTCTAdZGXdEINCPdBWXdYDXCPdTEFdEG-ScBUE04a006.686222bKEL1 aKelby, Scott.93815614aThe Photoshop® Elements 8 book for digital photographers /cScott Kelby, Matt Kloskowski. a[Berkeley] :bNew Riders,cc.2010. axv, 473 p. :bphotographs ;c26 cm.0 aVoices that matter aIndex : p. 464-473. a"Gives you the inside tips and tricks of the trade for organizing, correcting, editing, sharpening, retouching, and presenting your photos like a pro. You'll be absolutely amazed at how easy and effective these techniques are--once you know the secrets..."--p.[4] of cover.8 a"User level : intermediate-advanced."00aAdobe Photoshop elements.00aAdobe Photoshop elementsvHandbooks, manuals, etc.00aAdobe Camera Raw. 0aPhotographyxDigital techniques.2BUEsh937027 0aImage processingxDigital techniques.2BUEsh 0aComputer graphics.2BUEsh 0aRaw file formats (Digital photography)2BUEsh 2BUEsh bCOMAMEbCOMSCIcJune2015 vreading book9342321 aKloskowski, Matt. 2ddck006.686 KEL c19583d19555 00102ddc40708AlahramaMAINbMAINcLOWd2015-06-11epurchaseg245.50h307l0o006.686 KELp000038516r2025-07-15 00:00:00v306.88yBB